000 00823nam a2200229Ii 4500
003 JO-AjNU
008 230605s9999||||xx |||||||||||||| ||und||
017 _a2011/3/1096
020 _a978-9957-07-917-8
040 _aJO-AjNU
_bara
_erda
_cJO-AjNU
041 _aara
050 1 4 _aBF721.A2878.2012
100 3 _aابو سكينة، نادية حسن ، راغب،رشا عبد العاطي,
_eauthor
_943001
245 0 0 _aمشكلات الطفولة بين النظرية والتطبيق
250 _aط1
264 3 1 _aعمان:دار الفكر ناشرون وموزعون ، 2012
300 _a236ص
336 _atext
_btxt
_2rdacontent
337 _aunmediated
_bn
_2rdamedia
338 _avolume
_bnc
_2rdacarrier
650 4 _aسيكولوجية الطفولة-الاطفال-رعاية الطفولة
_943002
999 _aA18455
_c22023
_d22023